000 00567nam a2200157 4500
999 _c15915
_d15915
008 201217b ||||| |||| 00| 0 eng d
022 _a0732-8435
082 _aDPer 657.05 C33 Sept - Mar 2015, v. 85 - 86
100 _aLovejoy, Henry Stow.
_942718
245 _aThe 'reasonable cause and good faith' defense to penalties:
_blessons from hobby loss cases/
_cHenry Stow Lovejoy.
260 _aNew York:
_bThe New York State Society of CPA,
_c©2015.
300 _av86 n1, pages 63-65;
_c28 cm.
650 _aTaxation.
_942693
650 _a
_942712
942 _2ddc
_cPER